Import control manuel; (Record no. 79623)

MARC details
000 -LEADER
fixed length control field 00649cam a22002051 4500
001 - CONTROL NUMBER
control field sa 68003617
003 - CONTROL NUMBER IDENTIFIER
control field DLC
005 - DATE AND TIME OF LATEST TRANSACTION
control field 20260227112454.0
008 - FIXED-LENGTH DATA ELEMENTS--GENERAL INFORMATION
fixed length control field 710903s1950 ce k 000 0 eng
010 ## - LIBRARY OF CONGRESS CONTROL NUMBER
LC control number sa 68003617
040 ## - CATALOGING SOURCE
Original cataloging agency DLC
Transcribing agency DLC
Modifying agency DLC
043 ## - GEOGRAPHIC AREA CODE
Geographic area code a-ce---
050 00 - LIBRARY OF CONGRESS CALL NUMBER
Classification number HF1586.8
Item number .A5 1950
110 1# - MAIN ENTRY--CORPORATE NAME
Corporate name or jurisdiction name as entry element Ceylon.
Subordinate unit Department of Import and Export Control.
245 10 - TITLE STATEMENT
Title Import control manuel;
Statement of responsibility, etc. issued by the Controller of Imports; revised up to 1st June, 1950.
260 ## - PUBLICATION, DISTRIBUTION, ETC.
Place of publication, distribution, etc. [Colombo,
Date of publication, distribution, etc. 1950]
300 ## - PHYSICAL DESCRIPTION
Extent 150 p.
Other physical details forms.
Dimensions 25 cm.
500 ## - GENERAL NOTE
General note At head of title: Ministry of Commerce and Trade.
650 #0 - SUBJECT ADDED ENTRY--TOPICAL TERM
Topical term or geographic name entry element Import quotas
Geographic subdivision Sri Lanka.

No items available.

Powered by Koha